Podporte biznis pomocou koučingu

Prínos koučingu a osobný rozvoj riadiacich pracovníkov prostredníctvom špecifickej formy biznis koučingu "executive coaching". Kľúčové aktivity vedenia spoločnosti. Predchádzanie a riešenie problémov.

Gespeichert in:
Bibliographische Detailangaben
1. Verfasser: Kmecová, Denisa
Format: Buchkapitel
Sprache:Slowakisch
Schlagworte:
Tags: Tag hinzufügen
Keine Tags, Fügen Sie das erste Tag hinzu!

MARC

LEADER 00000naa a2200000 4500
001 0122615
005 20230912094819.7
041 0 |a slo 
044 |a SK 
245 1 0 |a Podporte biznis pomocou koučingu  |c Denisa Kmecová 
520 |a Prínos koučingu a osobný rozvoj riadiacich pracovníkov prostredníctvom špecifickej formy biznis koučingu "executive coaching". Kľúčové aktivity vedenia spoločnosti. Predchádzanie a riešenie problémov. 
610 2 0 |a manažéri 
610 2 0 |a pracovníci riadiaci 
610 2 0 |a koučovanie 
610 2 0 |a formy riadenia 
610 2 0 |a metódy riadenia 
610 2 0 |a vedenie ľudí 
610 2 0 |a technika riadenia 
610 2 0 |a riadenie zmien 
610 2 0 |a štýl vedenia 
100 1 |a Kmecová, Denisa